Normal view MARC view
  • ELECTRONICS MATERIALS HANDBOOK MANUFACTURING PROCESSES MATERIALS HANDBOOK ELECTRONIC APPARATUS AND APPLIANCES MATERIALS HANDBOOK

Entry Topical Term

Number of records used in: 1

001 - CONTROL NUMBER

  • control field: 75108

003 - CONTROL NUMBER IDENTIFIER

  • control field: NUST

005 - DATE AND TIME OF LATEST TRANSACTION

  • control field: 20210628205345.0

008 - FIXED-LENGTH DATA ELEMENTS

  • fixed length control field: 210628|| aca||aabn | a|a d

040 ## - CATALOGING SOURCE

  • Original cataloging agency: NUST
  • Transcribing agency: NUST

150 ## - HEADING--TOPICAL TERM

  • Topical term or geographic name entry element: ELECTRONICS MATERIALS HANDBOOK MANUFACTURING PROCESSES MATERIALS HANDBOOK ELECTRONIC APPARATUS AND APPLIANCES MATERIALS HANDBOOK

670 ## - SOURCE DATA FOUND

  • Source citation: Work cat.: (NUST): Sampson, Ronald N Harper, Charles A 75107, Electronic materials and processes handbook, 1994
© 2023 Central Library, National University of Sciences and Technology. All Rights Reserved.